000 00894nam a2200289Ia 4500
001 Para_6707
003 CHAP
008 220125s1986 xx 000 0 und d
010 _a205476
040 _cCHAP
090 _aPA FOLLETO 688
100 _aAdler, Peter H.
_9171503
245 _aThe black flies (simuliidae, diptera) of Pennsylvania :
_b bionomics, taxonomy and distribution /
_c by Peter H. Adler and Ke Chung Kim
260 _aUniversity Park, Penn. :
_b The Pennsylvania State University Agricultural Experiment Station
300 _a88 p.
440 _aBulletin; 856
_9171504
650 _aMoscas
_978995
650 _aSimullidae
_9171505
700 _aChung Kim, Ke
_9171506
901 _aPA FOLLETO 688
902 _aA
905 _a0000001986 a 0000000000 00
910 _a1986
942 _cPARA
942 _cPARA
_d1
999 _c205476
_d205476